Revista Consumo y Empresa

Detalles Bibliográficos
Formato: eBook
Lenguaje:español
Publicado: Espaą vLex 2016
Materias:
Acceso en línea:Acceso restringido

MARC

LEADER 00000nam a22000007a 4500
005 2016031608248.0
007 cr|||| ||u|
008 160316s2016 sp m||pso|||| 0||| 1spa d
035 |a 13117 
040 |a vLex  
090 |c 5971  |d 5971 
245 1 0 |a Revista Consumo y Empresa  |h [Recurso electrn̤ico] /  |c vLex  
256 |a Servicio en ln̕ea  
260 |a Espaą  |b vLex   |c 2016 
300 |a 1 recurso electrn̤ico  
500 |a La Revista “Consumo y Empresa”, de carc̀ter bimensual, nace con la vocacin̤ de analizar y ofrecer posibles respuestas a cuestiones jurd̕icas de actualidad que generen controversia y se susciten en el m̀bito de lo que en sentido amplio se conoce como Derecho Patrimonial. Destinada fundamentalmente a profesionales del mundo del Derecho y de la Empresa, en su interior se diferencia una doble vertiente referida al derecho empresarial y el derecho de consumo. En la primera se incluyen contenidos propios de derecho societario, concursal, propiedad industrial o derecho de competencia. En la segunda, condiciones generales de la contratacin̤, derechos de los consumidores o contratacin̤ bancaria, entre otros. Todo ello, desde un enfoque sustancialmente prc̀tico sin dejar a un lado un plano dogmt̀ico. Cuenta con un atractivo formato que pretende facilitar el manejo y acceso a sus contenidos. Se estructura para ello en cinco bloques permanentes. El primero, La voz del experto, recoge distintos artc̕ulos y comentarios elaborados por expertos y profesionales de reconocido prestigio y competencia, especializados en los concretos temas desde una perspectiva sustancialmente prc̀tica. Los bloques segundo y tercero, A debate: cuestin̤ de actualidad sobre derecho empresarial y A debate: cuestin̤ de actualidad sobre derecho de consumo, incluyen en cada caso una pregunta y las respuestas de los colaboradores permanentes con sus respectivas opiniones y su fundamento. Ambos pretenden fomentar el debate y la confrontacin̤ de opiniones y argumentos respecto a cuestiones que generen una especial controversia. El tercero, Formularios, contiene formularios y modelos de diferentes escritos destinados fundamentalmente a los profesionales. En el l︢timo, Resoluciones judiciales destacadas, se incluye una relacin̤ de las resoluciones judiciales destacadas y novedosas, principalmente del Tribunal Supremo y el Tribunal de Justicia de la Unin̤ Europea, dictadas en materia de derecho de la empresa y el consumo, incluyendo una breve reseą de su contenido as ̕como, en su caso, de la doctrina que fijan, para facilitar su identificacin̤, manejo, examen y consulta. Los autores y colaboradores son profesionales, expertos de reconocido prestigio y amplia experiencia, autores de diferentes obras jurd̕icas. Entre otros, Magistrados, Profesores de Universidad, Abogados, Abogados del Estado y Economistas. 
506 1 |a Contenido solo disponible en los productos indicados   |d vLex Global  |d vLex Global (Academic Edition, excluding Law Schools)  |d vLex Global (U.S. Academic Edition, Law Schools)  |d vLex Global (U.S. Academic Edition, excluding Law Schools)  |d vLex Global (Academic Edition, Law Schools) 
650 0 4 |a Derecho  |z Espaą 
740 0 |a vLex libros (servicio en ln̕ea)  
856 4 0 |u http://vlex.com/source/revista-consumo-y-empresa-13117  |z Acceso restringido  
942 |c REV 
999 0 |a Law   |b Spain